Albums de musique en image - Statistiques

Statistiques générales
  • Ce quiz a été pris 428 fois
  • Le résultat moyen est 10 sur 16
Statistiques - réponses
Par images Réponse % Correct
Daft Punk
98%
PNL
90%
Nirvana
88%
Sia
86%
Michael Jackson
78%
Pink Floyd
77%
Gorillaz
67%
Kanye West
62%
Red Hot Chili Peppers
60%
Eminem
54%
Kyo
49%
Freeze Corleone
43%
Indochine
39%
Leto
33%
Notorious B.I.G
28%
Moby
24%
Aucun quiz correspondant
Distribution des résultats
% des personnes avec chaque résultat
Percentile par nombre de réponses
Votre historique - résultats
Vous n’avez pas pris ce quiz